[Event "HUN-chT2 Toth 0809"]
[Site "Hungary"]
[Date "2009.01.11"]
[Round "5.9"]
[White "Csak, Janos"]
[Black "Botta, Tibor"]
[Result "1-0"]
[WhiteElo "1821"]
[BlackElo "2011"]
[PlyCount "125"]
[EventDate "2008.10.26"]
[EventType "team-tourn"]
[EventRounds "11"]
[EventCountry "HUN"]
[SourceTitle "EXT 2010"]
[Source "ChessBase"]
[SourceDate "2010.11.25"]
[SourceVersion "1"]
[SourceVersionDate "2010.11.25"]
[SourceQuality "1"]
[WhiteTeam "Mezobereny"]
[BlackTeam "Takisz"]
[WhiteTeamCountry "HUN"]
[BlackTeamCountry "HUN"]

1. e4 c5 2. Nf3 Nc6 3. d3 e5 4. Be2 Nf6 5. Bg5 Be7 6. Nbd2 d6 7. h3 h6 8. Bh4 Be6 9. 0-0 0-0 10. a3 Nh7 11. Bxe7 Qxe7 12. Nh2 f5 13. exf5 Bxf5 14. Bf3 Ng5 15. Bd5+ Be6 16. Bxe6+ Nxe6 17. g3 Rf6 18. Ne4 Rf7 19. c3 Raf8 20. Qb3 Kh7 21. Qd5 Rd8 22. b4 Nc7 23. Qb3 b6 24. Qc2 Kh8 25. Qb3 Qd7 26. Kg2 Rdf8 27. Rae1 Ne7 28. Re3 Ncd5 29. Rf3 Rxf3 30. Nxf3 Nf6 31. Nh2 d5 32. Nxf6 gxf6 33. Qd1 Qf5 34. Ng4 h5 35. Ne3 Qg6 36. Qf3 Rd8 37. Rd1 f5 38. c4 d4 39. Nd5 Nxd5 40. cxd5 e4 41. Qf4 Rg8 42. d6 Qe6 43. Re1 Rd8 44. Qg5 Rxd6 45. Qxh5+ Kg7 46. Qg5+ Kf8 47. dxe4 fxe4 48. Qf4+ Qf6 49. Qxe4 Rd8 50. Qg4 Qc6+ 51. Kh2 Qf6 52. Kg1 Rd6 53. bxc5 bxc5 54. Qc8+ Qd8 55. Qxc5 Qd7 56. Rd1 Kf7 57. Rd3 Rd5 58. Qc4 Kf6 59. h4 Ke5 60. Kg2 Qb7 61. Kh2 Qf7 62. f4+ Ke4 63. Rxd4+ 1-0